Low cost 3D printing for automotive components

Saved in:
Bibliographic Details
Main Author: Srivastava, Prateek Prakash (Author)
Other Authors: Margetin, Matúš (Thesis advisor)
Format: Manuscript Book
Language:Slovak
English
Published: 2018
Subjects:
Online Access:http://is.stuba.sk/zp/portal_zp.pl?podrobnosti=140619
Tags: Add Tag
No Tags, Be the first to tag this record!

MARC

LEADER 00000ntm a22000003a 4500
001 stuzp70728
003 SK-STU
005 20180820162221.1
007 ta
008 150427s2015----xo-----f-mn---000-0-slo-d
040 |a STU  |b slo 
041 0 |a eng 
100 1 |a Srivastava, Prateek Prakash  |u 020010  |4 aut  |U SjF Strojnícka fakulta  |T SjF Ústav aplikovanej mechaniky a mechatroniky  |X 89230  |U J0010  |Y 801  |7 89230 
242 0 1 |a Nízkonákladová 3D tlač pre komponenty automobilového priemyslu  |y slo 
245 1 0 |a Low cost 3D printing for automotive components 
260 |c 2018 
650 4 |a 3D tlač  |2 slo 
650 4 |a teplota  |2 slo 
650 4 |a rýchlosť tlače  |2 slo 
650 4 |a 3D printing  |2 eng 
650 4 |a temperature  |2 eng 
650 4 |a printing speed  |2 eng 
700 1 |a Margetin, Matúš  |u 020010  |k Z2  |4 ths  |U SjF Strojnícka fakulta  |T SjF Ústav aplikovanej mechaniky a mechatroniky  |X 14278  |U J0010  |Y 801  |7 A000014278 
856 4 |u http://is.stuba.sk/zp/portal_zp.pl?podrobnosti=140619